Statistics for PSV Eindhoven 2020's Starting XI

Click here to take the quiz!

General Stats

  • This quiz has been taken 378 times
    (297 since last reset)
  • The average score is 13 of 31

Answer Stats

Player% Correct
Luuk de Jong
77%
Ibrahim Sangaré
73%
Walter Benítez
70%
Eran Zahavi
65%
Johan Bakayoko
59%
Mario Götze
59%
Cody Gakpo
57%
Philipp Max
54%
André Ramalho
53%
Yvon Mvogo
49%
Olivier Boscagli
48%
Jordan Teze
47%
Xavi Simons
46%
Joey Veerman
45%
Erick Gutiérrez
41%
Joel Drommel
41%
Lars Unnerstall
39%
Ritsu Doan
39%
Jarrad Branthwaite
38%
Phillipp Mwene
36%
Mauro Júnior
33%
Donyell Malen
32%
Steven Bergwijn
30%
Michal Sadílek
29%
Denzel Dumfries
28%
Daniel Schwaab
27%
Guus Til
27%
Pablo Rosario
16%
Jorrit Hendrix
13%
Nick Viergever
13%
Mohammed Ihattaren
10%

Score Distribution

Percentile by Number Answered

Percent of People with Each Score

Your Score History

You have not taken this quiz since the last reset